| 000 | 00844cam a2200253 a 4500 | ||
|---|---|---|---|
| 001 | 000014971 | ||
| 003 | DO-SdBNP | ||
| 005 | 20260129102427.0 | ||
| 008 | 991123s1999 ve a b 001 0 spa | ||
| 020 | _a9802172294 | ||
| 040 |
_aDO-SdBNP _bspa _cDLC _dBNPHU |
||
| 049 | _aBNGR | ||
| 082 |
_a658.3 _bM239p |
||
| 100 | 1 |
_aMalavé, José. _933897 |
|
| 245 | 1 | 0 |
_aPrácticas organizacionales : _buna perspectiva de procesos en la teoría de la organización / _cJosé Malavé. |
| 260 |
_aCaracas, Venezuela : _bEdiciones IESA, _c1999. |
||
| 300 |
_a115 p. : _bil. ; _c23 cm. |
||
| 504 | _aIncluye referencias bibliográficas (p. [107]-115). | ||
| 650 | 0 |
_aComportamiento organizacional _91583 |
|
| 650 | 4 |
_aSociología organizacional _933898 |
|
| 650 | 4 |
_aOrganización _933899 |
|
| 910 | _aCatalogación por copia / LC | ||
| 942 |
_2ddc _cLBS1 |
||
| 999 |
_c14546 _d14546 |
||